| 000 | 00632nam a2200205 a 4500 | ||
|---|---|---|---|
| 005 | 20210219153456.0 | ||
| 008 | 991125n 000 0 u | ||
| 035 | _aUPN01000101870 | ||
| 100 | _aDou, Henri | ||
| 222 | _aEDUCATION FOR INFORMATION | ||
| 245 | _aTechnology watch and competitive intelligence : a new challenge in education for information | ||
| 300 | _a35-45 | ||
| 362 | _a11, No. 1, 1993 | ||
| 505 | _aNoviembre 1993 | ||
| 653 | 0 | _aCIENTIFICOS E INFORMACION CIENTIFICA | |
| 653 | 0 | _aEDUCACION DE LAS CIENCIAS DE INFORMACION | |
| 653 | 0 | _aINFORMACION CIENTIFICA | |
| 904 |
_aAC _b039681 |
||
| 905 | _aArticulo | ||
| 999 |
_c77875 _d77875 |
||